|
|
|
|
| LEADER |
00717nab a2200217 i 4500 |
| 001 |
acta24352 |
| 005 |
20210601102531.0 |
| 008 |
161017s1988 hu o 0|| eng d |
| 022 |
|
|
|a 0001-6721
|
| 040 |
|
|
|a SZTE Egyetemi Kiadványok Repozitórium
|b hun
|
| 041 |
|
|
|a eng
|
| 100 |
1 |
|
|a Balázs János
|
| 245 |
1 |
0 |
|a Drug-containing multiple-phase emulsions
|h [elektronikus dokumentum] /
|c Balázs János
|
| 260 |
|
|
|c 1988
|
| 300 |
|
|
|a 121-134
|
| 490 |
0 |
|
|a Acta physica et chemica
|v 34 No. 1-4
|
| 695 |
|
|
|a Természettudomány, Fizika, Kémia
|
| 700 |
0 |
1 |
|a Erős István
|e aut
|
| 700 |
0 |
1 |
|a Tacsi M.
|e aut
|
| 700 |
0 |
1 |
|a Péter I.
|e aut
|
| 856 |
4 |
0 |
|u http://acta.bibl.u-szeged.hu/24352/1/phys_chem_034_121-134.pdf
|z Dokumentum-elérés
|